| Поле | Инд. | ПП | Название | Значение |
|---|---|---|---|---|
| Тип записи | a | |||
| Библиографический уровень | m | |||
| 001 | Контрольный номер | ab91801cbe1e4b90850d18722afb4d96 | ||
| 005 | Дата корректировки | 20241021121940.5 | ||
| 020 | a | ISBN | 978-5-7310-6345-6 | |
| 080 | a | Индекс УДК | 338 | |
| 080 | a | Индекс УДК | 519.85 | |
| 084 | a | Индекс другой классификации/Индекс ББК | У263 | |
| 090 | x | Авторский знак | Д 79 | |
| a | Полочн. индекс | У2 | ||
| 097 | b | Оператор | *Еж* | |
| b | Оператор | *Вин* | ||
| 097 | b | Оператор | *Ир-С* | |
| 100 | 1_ | a | Автор | Добрина М.В. |
| 245 | 10 | a | Заглавие | Математические методы оптимизации инвестиционных портфелей |
| b | Продолж. заглавия | монография | ||
| c | Ответственность | Санкт-Петербургский Государственный Экономический Университет | ||
| 260 | a | Место издания | Санкт-Петербург | |
| b | Издательство | Санкт-Петербургский Государственный Экономический Университет | ||
| c | Дата издания | 2024 | ||
| 300 | a | Объем | 163 с. | |
| 516 | 8_ | a | Прим. о типе комп. файла/ данных | Текст : непосредственный |
| 520 | 0_ | a | Аннотация | Монография посвящена построению и исследованию экономико-математических моделей принятия портфельных инвестиционных решений. Первая глава включает описание основных функций полезности, используемых в портфельном анализе, анализ ключевых подходов к оценке и интерпретации рисков фондового рынка и гипотез, на основе которых формируется теория инвестиционных решений на фондовом рынке. Во второй главе проводится исследование механизма формирования доходности в случайной среде альтернативных ожиданий и на основе полученных результатов строится комбинированная модель, зависимая переменная которой дихотомическая. В третьей главе предлагается понятие рыночного взаимодействия финансовых активов, позволяющее обосновать возможность построения модели портфельного инвестирования с линейным риском. В четвертой главе анализируется модель формирования портфеля инвестиционных проектов. Здесь используются различные варианты развития и обобщения известной задачи о рюкзаке, относящейся к классу задач линейного булевского программирования. |
| 653 | 0_ | a | Ключевые слова | Инвестиционные проекты |
| a | Ключевые слова | Критерии принятия решений | ||
| a | Ключевые слова | Оптимальные портфельные решения | ||
| a | Ключевые слова | Портфельный анализ | ||
| a | Ключевые слова | Экономические модели | ||
| 655 | a | Жанр/ форма (устаревшее) | *Н* | |
| 700 | 12 | a | Другие авторы | Чернов В.П. |
| 900 | a | Имя макрообъекта | 001-000160506-000000000-0000-0000-00 | |
| 901 | t | Тип документа | m | |
| 905 | b | Дата создания записи обработка | 02.10.24 | |
| 952 | e | Факультет | *ФУСК* | |
| 952 | a | Тип литературы для КСУ ВШ | *Н* | |
| 990 | c | Приоритет заказа (DOS) | *д* | |
| f | Даты поступлений (DOS) | 24.06.24 | ||
| g | Размещение заказа (DOS) | пожертвование Общественной палаты | ||
| h | N записи в КСУ для Б/У (DOS) | 26/2024 | ||
| j | Количество экземпляров (DOS) | 1 |